Statistics for Countries That End in 'NA'

Click here to take the quiz!

General Stats

  • This quiz has been taken 54 times
  • The average score is 4 of 6

Answer Stats

ContinentCountries% Correct
South AmericaArgentina
90%
South AmericaGuyana
88%
AfricaGhana
77%
AsiaChina
75%
AfricaBotswana
63%
EuropeBosnia and Herzegovina
38%

Score Distribution

Percentile by Number Answered

Percent of People with Each Score

Your Score History

You have not taken this quiz